Amistad colombo-germana (Registro nro. 304373)

Detalles MARC
000 -ENCABEZADO
Número de control [NR] 01477nam a2200217 4500
005 - FECHA Y HORA DE LA ÚLTIMA TRANSACCIÓN
control field 20160823150503.0
008 - DE LONGITUD FIJA DE DATOS DE ELEMENTOS - INFORMACIÓN GENERAL
Elementos de longitud fija [NR] 160823s1918 a|||fr|||| 000 0 spa d
040 ## - FUENTE DE CATALOGACION [NR]
Agencia de catalogación original [NR] CO-BoUCM
Idioma de catalogación [NR] spa
Quien Cataloga Sandra Yazo
Quien Clasifica Sandra Yazo
041 0# - CODIGO DE IDIOMA [R]
Código de idioma para texto/pista de sonido o título separado [R] Español
082 04 - NUMERO DE CLASIFICACION DECIMAL DEWEY [R]
Número de la edición [NR] 20
Número de clasificación [R] 327.86043
092 ## - SIGNATURA TOPOGRAFICA LOCAL
Número de clasificación local E40N139
245 10 - MENCION DE TITULO [NR]
Título [NR] Amistad colombo-germana
260 ## - PUBLICACION, DISTRIBUCION, ETC. (PIE DE IMPRENTA) [R]
Lugar de publicación, distribución, etc. [R] [Lugar desconocido]
Nombre del editor, distribuidor, etc. [R] [Editorial desconocida]
Fecha de publicación, distribución, etc. [R] 1918
300 ## - DESCRIPCION FISICA [R]
Extensión [R] 359 página
Dimensiones [R] 24 x 17 cm.
500 ## - NOTA GENERAL [R]
Nota general [NR] Detalles físicos: Encuadernación rígida en cartón forrado en tela. Tapas decoradas con papel en varias tintas, pegado, lomo con adornos en dorado. Guardas. Portada muy sencilla. Texto impreso en una y dos columnas. Varias ilustraciones entre el texto. Págs. 23 – 26 sueltas
505 0# - NOTA DE CONTENIDO CON FORMATO PREESTABLECIDO [R]
Nota de contenido con formato preestablecido [NR] Prólogo ; Artículos varios: Ley de las naciones ; Colombia y Alemania ; Alma de la civilización ; Consideraciones relativas a un probable acercamiento comercial entre Colombia y Alemania ; Previsión ; Campaña honrada ; Colombia ante la guerra europea ; Las industrias, las ciencias y las artes alemanas en Colombia ; Carta de un expresidente de la república -- Documentos oficiales ; Notas ; Circular ; Discurso -- Jira del señor ministro alemán a la costa Atlántica – Manifestaciones en favor de la Neutralidad de Colombia
506 ## - NOTA DE RESTRICCIONES DE ACCESO [R]
Condiciones de acceso [NR] Consulta en sala
650 #7 - ASIENTO SECUNDARIO DE MATERIA - TERMINO TEMATICO [R]
9 (RLIN) 8042
Término temático o nombre geográfico como elemento de entrada [NR] Relaciones internacionales
Subdivisión cronológica [R] 1918
Subdivisión geográfica [R] Colombia
-- Alemania
690 ## - ASUNTO AGREGADO LOCAL DE ENTRADA - TÉRMINO TEMÁTICO (OCLC, RLIN)
Acceso temático local Relaciones internacionales
9 (RLIN) 8042
942 ## - ELEMENTOS DE ENTRADA AGREGADOS (KOHA)
Sistema de clasificación LOCAL
Tipo de ítem principal el descrito en 300a Libro
Edición 1
Clasificación E40N139
Existencias
Suprimido Perdido Sistema de clasificación Dañado No prestable Tipo de ítem específico Ubicación habitual Ubicación actual Localización Fecha de creación Forma de adquisición Costo Total préstamos Signatura topográfica Código de barras Última vez visto Ejemplar Price effective from Tipo de ítem
    LOCAL     Libro archivo Archivo Histórico Archivo Histórico Archivo histórico 23/08/2016 Donación 0.00   E40N139 L005836 23/08/2016 Ej.1 23/08/2016 Libro